| Tag |
First Indicator |
Second Indicator |
Subfields |
| LEADER |
00000cam a2200000 4500 |
| 001 |
in00002783542 |
| 005 |
20150922151253.0 |
| 008 |
710528s1971 dcuab b 001 0 eng |
| 010 |
|
|
|a 70609507
|
| 035 |
|
|
|a (OCoLC)ocm00140684
|
| 035 |
|
|
|a (OCoLC)140684
|
| 040 |
|
|
|a DLC
|b eng
|c DLC
|d OWU
|d BTCTA
|d OCLCQ
|d OCLCG
|d OCL
|d CSO
|d UtOrBLW
|
| 043 |
|
|
|a l------
|a nwbf---
|
| 049 |
|
|
|a TXAM
|
| 050 |
0 |
0 |
|a QE75
|b .P9 no. 683-c
|
| 050 |
1 |
4 |
|a QL368.F6 T6 1971
|
| 051 |
|
|
|a QL368.F6
|b T6
|c Copy 2.
|
| 082 |
0 |
0 |
|a 550/.8 s
|
| 086 |
0 |
|
|a I 19.16:683-C
|
| 100 |
1 |
|
|a Todd, Ruth,
|d 1913-1984.
|
| 245 |
1 |
0 |
|a Foraminifera from the Bahama Bank west of Andros Island /
|c by Ruth Todd and Doris Low.
|
| 264 |
|
1 |
|a Washington :
|b U.S. Govt. Print. Off,
|c 1971.
|
| 300 |
|
|
|a iii, 22 pages, 7 unnumbered pages :
|b illustrations, map. ;
|c 29 cm.
|
| 336 |
|
|
|a text
|b txt
|2 rdacontent
|
| 337 |
|
|
|a unmediated
|b n
|2 rdamedia
|
| 338 |
|
|
|a volume
|b nc
|2 rdacarrier
|
| 490 |
1 |
|
|a Geological Survey professional paper ;
|v 683-C.
|a Contributions to paleontology
|
| 504 |
|
|
|a Bibliography: pages 17-19.
|
| 650 |
|
0 |
|a Foraminifera
|z Great Bahama Bank.
|
| 700 |
1 |
|
|a Low, Doris,
|e author.
|
| 830 |
|
0 |
|a Geological Survey professional paper ;
|v 683-C.
|
| 830 |
|
0 |
|a Geological Survey professional paper.
|p Contributions to paleontology.
|
| 948 |
|
|
|a cataloged
|b h
|c 2012/11/27
|d c
|e mvaldespin
|f 02:25:08 pm
|
| 994 |
|
|
|a C0
|b TXA
|
| 999 |
|
|
|a MARS
|
| 999 |
f |
f |
|s c691647d-aabb-37bc-a13b-cf627d22233d
|i bb3cc0d3-0a85-3269-a7cf-5d572eb400d6
|t 0
|
| 952 |
f |
f |
|p normal
|a Texas A&M University
|b College Station
|c Sterling C. Evans Library
|d Evans: US Documents (Annex 5th floor)
|t 0
|e I 19.16:683-C
|h Superintendent of Documents classification
|i unmediated -- volume
|m A14839369802
|
| 998 |
f |
f |
|a I 19.16:683-C
|t 0
|l Evans: US Documents (Annex 5th floor)
|